| 000 | 02324nam a2200421 i 4500 | ||
|---|---|---|---|
| 003 | DO-SdBNP | ||
| 005 | 20250602150159.0 | ||
| 007 | ta | ||
| 008 | 250602b2024 dr o|||| |||| 00| 0 spa d | ||
| 020 | _a9798350732405 | ||
| 040 |
_aDO-SdBNP _bspa _cBNPHU _erda |
||
| 082 |
_a618.9201 _bG627d 2024 _222 |
||
| 100 | 1 |
_aGolombek, Sergio _eautor _4aut. _987954 |
|
| 245 | 0 | 4 |
_aXIV Consenso Clínico SIBEN : _b"cuidados transdisciplinarios y humanizados para el recién nacido y su familia" / _cSergio Golombek, Lourdes Lemus Varela, Carmen Dávila Aliaga, Jorge Pleitez Navarrete ; expertos de opinión, Augusto Sola |
| 250 | _aPrimera edición | ||
| 264 |
_a[Lugar no identificado] : _bEdición EDISIBEN, _c2024. |
||
| 300 |
_a91 páginas : _bfotografías _c28 cm. |
||
| 336 |
_atexto _btxt _2rdacontent |
||
| 337 |
_asin mediación _bn _2rdamedia |
||
| 338 |
_avolumen _bnc _2rdacarrier |
||
| 504 | _aBibliografía p: 14-16. | ||
| 504 | _aBibliografía p: 22-24. | ||
| 504 | _aBibliografía p: 36-40. | ||
| 504 | _aBibliografía p: 53-57. | ||
| 504 | _aBibliografía p: 76-82. | ||
| 504 | _aBibliografía p: 86-89. | ||
| 505 |
_tIntroducción, historia y definición de los cuidados transdisciplinarios y humanizados para el recién nacido y su familia, -- _tCambios, beneficios y herramientas para poder realizar los cuidados transdisciplinarios y humanizados para el recién nacido y su familia, -- _tLos profesionales de salud y la familia, -- _tInfraestructura para la realización de los cuidados transdisciplinarios y humanizados para el recién nacido y su familia, -- _tCuidados transdisciplinarios y humanizados para el recién nacido y su familia en la Unidad de Cuidados Intensivos (UCIN), -- _tAcciones claves para que existan cuidados transdisciplinarios y humanizados para el recién nacido y su familia, / |
||
| 590 | _aInventariado, 2025/ YL | ||
| 650 |
_aMedicina _vCongresos, conferencias, etc... _987955 |
||
| 650 |
_aNeonatología _vCongresos, conferencias, etc... _987956 |
||
| 650 |
_aPediatría neonatal _987957 |
||
| 700 | 1 |
_aLemus Varela, Lourdes _eautora _4aut. _987958 |
|
| 700 | 1 |
_aDávila Aliaga, Carmen _eautora _4aut. _987959 |
|
| 700 | 1 |
_aPleitez Navarrete, Jorge _eautor _4aut. _987960 |
|
| 700 | 1 |
_aSola, Augusto _ecomentarios _4com. _987911 |
|
| 910 | _aYLockward | ||
| 942 |
_2ddc _cLBS1 |
||
| 999 |
_c58533 _d58533 |
||